Nonlinear Optimal Model Following Control of Flexible Aircraft / (Record no. 594263)
[ view plain ]
| 000 -LEADER | |
|---|---|
| fixed length control field | 00360nam a22001217a 4500 |
| 020 ## - INTERNATIONAL STANDARD BOOK NUMBER | |
| International Standard Book Number | 9783659300417 |
| 082 ## - DEWEY DECIMAL CLASSIFICATION NUMBER | |
| Classification number | 629.132 |
| Author Mark | SIL |
| 100 ## - MAIN ENTRY--PERSONAL NAME | |
| Personal name | Silva, Andre Luis |
| 9 (RLIN) | 111373 |
| 245 ## - TITLE STATEMENT | |
| Title | Nonlinear Optimal Model Following Control of Flexible Aircraft / |
| Statement of responsibility, etc. | Andre Luis Silva |
| 260 ## - PUBLICATION, DISTRIBUTION, ETC. | |
| Place of publication, distribution, etc. | Germany : |
| Name of publisher, distributor, etc. | Lambert, |
| Date of publication, distribution, etc. | 2012. |
| 300 ## - PHYSICAL DESCRIPTION | |
| Extent | 208p . |
| Other physical details | Paperback |
| 942 ## - ADDED ENTRY ELEMENTS (KOHA) | |
| Source of classification or shelving scheme | |
| Koha item type | Book |
| Withdrawn status | Lost status | Source of classification or shelving scheme | Damaged status | Not for loan | Permanent Location | Current Location | Shelving location | Date acquired | Full call number | Barcode | Date last seen | Price effective from | Koha item type |
|---|---|---|---|---|---|---|---|---|---|---|---|---|---|
| School of Mechanical & Manufacturing Engineering (SMME) | School of Mechanical & Manufacturing Engineering (SMME) | Aerospace Engineering | 03/24/2023 | 629.132 SIL | SMME-4074 | 03/24/2023 | 03/24/2023 | Book |
